[Event "GRE-chT U16 9th"]
[Site "Thessaloniki"]
[Date "2016.12.16"]
[Round "3.5"]
[White "Kapia, Maria Rafaela"]
[Black "Nikolaidou, Maria"]
[Result "0-1"]
[WhiteElo "1112"]
[BlackElo "1214"]
[PlyCount "52"]
[EventDate "2016.12.15"]
[EventType "team-swiss"]
[EventRounds "6"]
[EventCountry "GRE"]
[SourceTitle "CBM 176 Extra"]
[Source "ChessBase"]
[SourceDate "2017.03.02"]
[SourceVersion "1"]
[SourceVersionDate "2017.03.02"]
[SourceQuality "1"]
[WhiteTeam "Polichnis"]
[BlackTeam "Triandrias"]
[WhiteTeamCountry "GRE"]
[BlackTeamCountry "GRE"]

1. e4 d5 2. exd5 Qxd5 3. Nc3 Qd8 4. h3 Nf6 5. Nf3 a6 6. Bc4 b5 7. Bd3 Bb7 8. Qe2 Nbd7 9. Ne4 e6 10. Nxf6+ Nxf6 11. Bxb5+ c6 12. Ba4 Be7 13. c3 0-0 14. Ne5 Qd5 15. Bb3 Qxg2 16. Qf3 Qxf3 17. Nxf3 c5 18. Bd1 Rfd8 19. Rg1 Nd5 20. d3 Bf6 21. Bd2 Ne7 22. Bc2 Bxf3 23. Rg3 Bh5 24. Be3 Nd5 25. Bxc5 Nxc3 26. Kd2 Ne4+ 0-1